000 01362nam0a22002771 4500
001 rc\931552
005 20041129095442.3
035 _a(NLR Aleph) 006104702
090 _a5295719
_c5295719
100 _a20041129d1982 u |0rusy50 ca
101 0 _arus
102 _aRU
105 _aa |||||||||
200 1 _aСостояние и направления совершенствования системы комплексного централизованного обслуживания средств вычислительной техники в Украинской ССР
_fШуваева В.Д., к. э. н. и др.
210 _aКиев
_cБ. и.
_d1982
215 _a10 с.
_cсхем.
_d20
225 1 _aИнформация
_fУкрНИИНТИ и техн.-экон. исслед. Госплана УССР
_iНовое в науке, технике и производстве
_vТОР 3.1
300 _aБез тит. л. и обл.
320 _aБиблиогр.: с. 10
702 1 _aШуваева
_bВ. Д.
_gВалерия Дмитриевна
_4220
712 0 2 _aУкраинский НИИ науч.-техн. информации и технико-экон. исследований
_cКиев
_3RU\NLR\AUTH\8810023920
801 0 _aRU
_bNLR
_gpsbo
801 1 _aRU
_bELAR
_2rusmarc
852 _aNLR
_j82-4/29277
942 _cBOOK
980 _aNB